Anything but Harry Potter Quiz Stats

 Plays Quiz Updated Jun 29, 2015

Support Sporcle.
Go Orange.
Score 0/130 Timer 02:00
1 Play Today
% Correct
???
36.1%
???
36.1%
???
36%
???
35.9%
???
35.9%
???
35.9%
???
35.9%
???
35.9%
???
35.9%
???
35.9%
???
35.8%
???
35.8%
???
35.8%
???
35.8%
???
35.8%
???
35.8%
???
35.7%
???
35.7%
???
35.7%
???
35.6%
???
35.6%
???
35.6%
???
35.6%
???
35.6%
???
35.6%
???
35.6%
???
35.5%
???
35.5%
???
35.5%
???
35.5%
???
35.5%
???
35.4%
???
35.4%
???
35.4%
???
35.3%
???
35.3%
???
35.1%
???
35.1%
???
35.1%
???
35.1%
???
35.1%
???
35.1%
???
35.1%
???
35.1%
% Correct
???
35%
???
35%
???
35%
???
34.9%
???
34.9%
???
34.9%
???
34.8%
???
34.7%
???
34.7%
???
34.7%
???
34.7%
???
34.6%
???
34.6%
???
34.6%
???
34.5%
???
34.4%
???
34.4%
???
34.4%
???
34.4%
???
34.4%
???
34.2%
???
34.2%
???
34.1%
???
34.1%
???
34.1%
???
34%
???
33.9%
???
33.9%
???
33.8%
???
33.8%
???
33.8%
???
33.6%
???
33.5%
???
33.5%
???
33.1%
???
33.1%
???
32.8%
???
32.8%
???
32.7%
???
32.7%
???
32.6%
???
32.5%
???
32.4%
???
32.1%
% Correct
???
31.8%
???
31.8%
???
31.4%
???
31.3%
???
31.2%
???
31.1%
???
30.6%
???
30.4%
???
30.2%
???
30.1%
???
30%
???
30%
???
29.7%
???
29.7%
???
29.5%
???
29.5%
???
29.5%
???
29.3%
???
29.2%
???
29.2%
???
29.1%
???
29.1%
???
28.8%
???
28.5%
???
28.3%
???
28.1%
???
27.9%
???
27.9%
???
27.9%
???
27.8%
???
27.6%
???
26.7%
???
26.1%
???
25.9%
???
25.6%
???
25.2%
???
24.2%
???
24%
???
24%
???
23.4%
???
23.3%
???
22%

You're not logged in!

Compare scores with friends on all Sporcle quizzes.
OR
Log In

From the Vault

Mental Conditions by Definition

by Flick

Everything we know on this quiz we learned from watching way too much House.
Remove Ads.
Support Sporcle.
Get the best of Sporcle when you Go Orange. This ad-free experience offers more features, more stats, and more fun while also helping to support Sporcle. Thank you for becoming a member.

Show Comments

Extras

Top Quizzes Today


Score Distribution

Your Account Isn't Verified!

In order to create a playlist on Sporcle, you need to verify the email address you used during registration. Go to your Sporcle Settings to finish the process.

Report this User

Report this user for behavior that violates our Community Guidelines.

Details: